| 000 | 00382nam a2200145Ia 4500 | ||
|---|---|---|---|
| 008 | 151213s9999 xx 000 0 und d | ||
| 100 | _aThe David Wright | ||
| 245 |
_aBeowulf _cThe David Wright |
||
| 260 |
_aLondon _bThe Penguing Classics _c1961 |
||
| 300 | _a7300 p. | ||
| 650 | _aEnglish Literature | ||
| 650 | _aEnglish Literature | ||
| 700 | _aThe David Wright | ||
| 999 |
_c3871 _d3871 |
||